Arvaa biisi - emojit #2 - Statistics

Yleistilastot
  • Tätä visaa on pelattu 329 kertaa
  • Keskiarvotulos 8 / 34
Vastaustilastot
Hint Vastaus % Oikein
💊 (Viivi) Lääke
76%
🙋‍♂️👀❌️ 👉👩💯🛹 (Robin) Frontside Ollie
67%
🙋‍♂️🕺🔄🍑➡️💶💶 (Antti Tuisku) Rahan takii
64%
🧔‍🙋‍♀️🌏↩️🙋‍♀️🎤🎵🎶🎵(Haloo Helsinki) Maailman toisella puolen
62%
👀➡️😐⬆️ (Elastinen) Eteen ja ylös
60%
➡️🌤👉👩🙋‍♂️👰‍ (Lauri Tähkä) Morsian
54%
👩‍🦱➡️🏡🧳💰✖️🏙 (Arttu Wiskari) Sirpa
50%
🧶💡🌟 (Jvg) Hehkuu
45%
👉👩🙋‍♂️🚦 (Dingo) Sinä ja minä
43%
✂️👉👩🙌🚑🚙🧑‍🤝‍🧑🖼🔥🏠 (Laura Närhi) Supersankari
37%
🙋‍♀️❌️☠️🌙 (Jenni Vartiainen) En haluu kuolla tänä yönä
32%
👼👀 (Arja Koriseva) Enkelin silmin
31%
👥️🫱🫲🟰♾️🧶(Jenni Vartiainen) Lanka
31%
⏰️🌤✍️📝(Anna Puu) Mestaripiirros
26%
1️⃣🌳👥️⚒️👩‍🦲👱‍♂️🦶 (Jukka Poika) Silkkii
18%
❓️🪱🪱➕️➕️ (Olli Halonen) Miten käärmeet lisääntyy?
17%
🐙🐙❤️❤️❤️🙋🏼‍♀️❤️❌💔 (Anssi Kela) Levoton tyttö
15%
🙋‍♀️❤️👉🧑 (Frans Harju) Minä sydän sinä
15%
❓️🍷👂🎶🫳🖐🎤📃👀😑 (Aliisa Syrjä) 2:02
13%
🚞🏫📐🚶‍♂️🚶🧑‍😯🙋‍♀️👀👥️👄💨 (Antti Tuisku) BlaaBlaa
6%
6️⃣🎆👉🧑👂1️⃣🖼☀️🗣🤏🔊 (Haloo helsinki) Kaksi ihmistä
6%
⁉️😱🌑➡️🕯🕯🕯👉👩✖️▶️✖️🫂(Johanna Kurkela) Prinsessalle
6%
⚖️👟👟 (Samuli Edelmann) Painavat kengät
5%
🌄☀️🖌🎨🏜🎨🤕🤕💦🧊 (Suvi Teräsniska) Jos menet pois
4%
✖️🧳🍞🥛📒🤏💶 (Arttu Wiskari) Kuningaslohi
4%
👍🏻🪦⏪️👵🧑‍🦳🧓🙋‍♀️🗣🙏🏻🤝 (Pyhimys) Hyvät hautajaiset
3%
➡️🗻⏰️🧗‍♀️ (Vesala) Nyt on lähtö
3%
👂🙋‍♀️🗣👂🫳❓️💓 (Juha Tapio) Päiväni ilman sinua
3%
👉🧔🛀🛌🤲🚲🤕🩹❤️‍ (Suvi Teräsniska) Elämäni miehiä
2%
🙏🏻❌️🪓💔🙋‍♀️▶️ (Ollie) Älä riko mua enää
1%
👸🤫😇😭😵‍💫❌️💖👀❌️ (Kaija Koo) Niin kaunis on hiljaisuus
1%
👥️❌️👀🙋‍♀️👀❌️🔄👩‍🦲👂👂👉👩👂🙋‍♀️❌️🤐🗣 (Kaija Koo) Taipumaton
1%
❌️👼👼❌️🧚‍♂️🛫 (Maustetytöt) Evät enkelitkään ilman siipiä lennä
0%
🌄🙋‍♀️🛑🚦😇❌️🫡➡️🖼⚰️♾️🖼🖼🙋‍♀️☺️ (Laura Närhi) Mä elän
0%
Ehtoja vastaavia visoja ei löytynyt
Tulosjakauma
Jokaisen tuloksen saaneiden osuus
Persentiili vastausten määrän mukaan
Tuloshistoriasi
Et ole pelannut tätä visaa